El nacimiento de la inteligencia musical
I tiakina i:
| Kaituhi matua: | |
|---|---|
| Hōputu: | Pukapuka |
| Reo: | Pāniora |
| I whakaputaina: |
Buenos Aires
Guadalupe
1988
|
| Rangatū: | Biblioteca Pedagógica
|
| Ngā marau: | |
| Ngā Tūtohu: |
Tāpirihia he Tūtohu
Kāore He Tūtohu, Me noho koe te mea tuatahi ki te tūtohu i tēnei pūkete!
|
MARC
| LEADER | 00000nam a2200000 a 4500 | ||
|---|---|---|---|
| 001 | UCW3777 | ||
| 003 | CL-VaPUC | ||
| 008 | 890308e19880000AG |||||||||||||||||spa|d | ||
| 082 | 0 | 4 | |a 372.87 |b FRI |2 21 |
| 100 | 0 | |a Fridman, Ruth |e author |9 308157 | |
| 245 | 1 | 3 | |a El nacimiento de la inteligencia musical |
| 300 | |a 126 p | ||
| 942 | |c BK | ||
| 945 | |d 19890308 00:00:00 | ||
| 260 | |a Buenos Aires |b Guadalupe |c 1988 | ||
| 650 | 0 | |a Música estudio e instrucción |9 306355 | |
| 583 | |a last modification |c 19890308 00:00:00 |k Rodrigo Vera | ||
| 490 | 0 | |a Biblioteca Pedagógica | |
| 999 | |c 217670 |d 217668 | ||
| 952 | |0 0 |1 0 |4 0 |6 372_870000000000000_FRI_1988 |7 0 |8 P |9 205675 |a BIBEDU |b BIBEDU |c BIBEDU_PB |d 2019-11-15 |i 2736519 |o 372.87 FRI 1988 |p 2736519 |r 2024-01-25 |w 2019-11-15 |y BK |k EDU | ||